Welcome to Marium Abdulla Library

Embrace knowledge with a breath of fresh air.

Browse Collection

Marium Abdulla Library

The Beginners Guide to Drawing People (Record no. 6563)

MARC details
000 -LEADER
fixed length control field 00407nam a2200181Ia 4500
001 - CONTROL NUMBER
control field 4317
005 - DATE AND TIME OF LATEST TRANSACTION
control field 20250626030112.0
008 - FIXED-LENGTH DATA ELEMENTS--GENERAL INFORMATION
fixed length control field 211022s9999 xx 000 0 und d
020 ## - INTERNATIONAL STANDARD BOOK NUMBER
International Standard Book Number 1855857626
082 ## - DEWEY DECIMAL CLASSIFICATION NUMBER
Classification number 743.757 RAY
100 ## - MAIN ENTRY--PERSONAL NAME
Personal name Raynes, John
245 #4 - TITLE STATEMENT
Title The Beginners Guide to Drawing People
260 ## - PUBLICATION, DISTRIBUTION, ETC.
Place of publication, distribution, etc. London
260 ## - PUBLICATION, DISTRIBUTION, ETC.
Name of publisher, distributor, etc. Collins and Brown
260 ## - PUBLICATION, DISTRIBUTION, ETC.
Date of publication, distribution, etc. 2000
300 ## - PHYSICAL DESCRIPTION
Extent 128
942 ## - ADDED ENTRY ELEMENTS (KOHA)
Koha item type Book
Holdings
Date last seen Total checkouts Full call number Barcode Price effective from Koha item type Lost status Damaged status Not for loan Collection Withdrawn status Home library Current library Shelving location Date acquired Cost, normal purchase price
10/26/2021   743.757 RAY 4317 10/26/2021 Book       Communication Design   Marium Abdulla Library Marium Abdulla Library Non-Ref 12/31/2007 4500.00